Breaking out of plastic prison : (Record no. 9571)

MARC details
000 -LEADER
fixed length control field 01452cam a2200337 i 4500
001 - CONTROL NUMBER
control field 36582081
003 - CONTROL NUMBER IDENTIFIER
control field OCoLC
005 - DATE AND TIME OF LATEST TRANSACTION
control field 20210118152116.0
008 - FIXED-LENGTH DATA ELEMENTS--GENERAL INFORMATION
fixed length control field 970311s1997 miu 000 0 eng
010 ## - LIBRARY OF CONGRESS CONTROL NUMBER
LC control number 97011015 //r97
020 ## - INTERNATIONAL STANDARD BOOK NUMBER
International Standard Book Number 0800756258 (pbk.)
040 ## - CATALOGING SOURCE
Original cataloging agency DLC
Language of cataloging eng
Description conventions rda
Transcribing agency DLC
Modifying agency MAL
050 00 - LIBRARY OF CONGRESS CALL NUMBER
Classification number HG179
Item number .D376 1997
082 00 - DEWEY DECIMAL CLASSIFICATION NUMBER
Classification number 640/.42
Edition number 21
092 ## - LOCALLY ASSIGNED DEWEY CALL NUMBER (OCLC)
Classification number 640.42
Item number D34b
100 1# - MAIN ENTRY--PERSONAL NAME
Personal name Dean, James D.,
Titles and words associated with a name CPA.
Authority record control number or standard number http://id.loc.gov/authorities/names/n97079093
245 10 - TITLE STATEMENT
Title Breaking out of plastic prison :
Remainder of title a 10-step program to financial freedom /
Statement of responsibility, etc. James D. Dean and Charles W. Morris.
264 #1 - PRODUCTION, PUBLICATION, DISTRIBUTION, MANUFACTURE, AND COPYRIGHT NOTICE
Place of production, publication, distribution, manufacture Grand Rapids, Mich. :
Name of producer, publisher, distributor, manufacturer Fleming H. Revell,
Date of production, publication, distribution, manufacture, or copyright notice [1997]
264 #4 - PRODUCTION, PUBLICATION, DISTRIBUTION, MANUFACTURE, AND COPYRIGHT NOTICE
Date of production, publication, distribution, manufacture, or copyright notice ©1997
300 ## - PHYSICAL DESCRIPTION
Extent 190 pages ;
Dimensions 23 cm
336 ## - CONTENT TYPE
Content type term text
Content type code txt
Source rdacontent
337 ## - MEDIA TYPE
Media type term unmediated
Media type code n
Source rdamedia
338 ## - CARRIER TYPE
Carrier type term volume
Carrier type code nc
Source rdacarrier
650 #0 - SUBJECT ADDED ENTRY--TOPICAL TERM
Topical term or geographic name entry element Finance, Personal.
Authority record control number or standard number http://id.loc.gov/authorities/subjects/sh85048263
650 #0 - SUBJECT ADDED ENTRY--TOPICAL TERM
Topical term or geographic name entry element Finance, Personal
General subdivision Religious aspects
-- Christianity.
Authority record control number or standard number http://id.loc.gov/authorities/subjects/sh85048269
650 #0 - SUBJECT ADDED ENTRY--TOPICAL TERM
Topical term or geographic name entry element Christians
Authority record control number or standard number http://id.loc.gov/authorities/subjects/sh85025293
General subdivision Finance, Personal.
Authority record control number or standard number http://id.loc.gov/authorities/subjects/sh2002007886
650 #0 - SUBJECT ADDED ENTRY--TOPICAL TERM
Topical term or geographic name entry element Consumer credit.
Authority record control number or standard number http://id.loc.gov/authorities/subjects/sh85031480
650 #0 - SUBJECT ADDED ENTRY--TOPICAL TERM
Topical term or geographic name entry element Debt.
Authority record control number or standard number http://id.loc.gov/authorities/subjects/sh85036130
700 1# - ADDED ENTRY--PERSONAL NAME
Personal name Morris, Charles W.,
Dates associated with a name 1952-
Authority record control number or standard number http://id.loc.gov/authorities/names/n97025683
942 ## - ADDED ENTRY ELEMENTS (KOHA)
Source of classification or shelving scheme Dewey Decimal Classification
Koha item type Books
Holdings
Withdrawn status Lost status Source of classification or shelving scheme Damaged status Not for loan Collection code Home library Current library Shelving location Date acquired Total Checkouts Full call number Barcode Date last seen Price effective from Koha item type
    Dewey Decimal Classification     Non-fiction Harvest Mission College Harvest Mission College General Stacks 29.01.2021   640.42 D281B 010901 29.01.2021 29.01.2021 Books

OPAC Designed and Maintained by HMC Library Team.
Copyright © HMC Library,Greater Noida, UP.
For any Suggestions/Query Contact library via Email:libhmc@gmail.com